000 00302nam a22001337a 4500
008 181031b xxu||||| |||| 00| 0 eng d
020 _a1880157152
041 _aeng
080 _a316
100 _a50
101 _aSOC
245 _aThe Good Life. Alternate in Ethics
_cPorter, B.F
942 _2udc
_cBK
999 _c51323
_d51323